01756nam a2200277 a 450000100100000000500170001000800410002704000250006808200150009310000370010824500330014526000430017830000200022149000690024149000180031050001700032883000770049883000250057504900090060095201870060995201870079695201870098395201130117095201780128399900170146100002846220210629083419.0110408s1989 dr 000 0 spa d aDO-SdBNPbspacBNPHU axxxxbP1911 aAlmeyda Rancier, Franklin93711710aPanegirico a Francisco Bono. aSanto Domingo :bUniversitaria,c1989. a15 p. ;c21 cm.1 aPublicación de la Universidad Autónoma de Santo Domingov6221 aDiscursosv14 aPanegirico pronunciado por Franklin Almeyda Rancier, rector de la Universidad Autónoma de Santo Domingo con motivo del traslado de sus restos al Panteón Nacional aPubliacaciones de la Universidad Autónoma de Santo Domingov622956533 0aDiscursosv14912120 aBNPD 001054708DSaGRbGRcHDd2015-04-20iLF1l0oxxxx P191p28462-30r2020-06-25te. 3w2020-06-25yLFDSzPerteneció a la biblioteca personal de Erick Landestoy.ZPréstamo en sala 001054708DSaGRbGRcHDd2015-05-12iLF1l0oxxxx P191p28462-40r2020-06-25te. 4w2020-06-25yLFDSzPerteneció a la biblioteca personal de Erick Landestoy.ZPréstamo en sala 001054708DSaGRbGRcHDd2015-08-10iLF1l0oxxxx P191p28462-50r2020-06-25te. 5w2020-06-25yLFDSzPerteneció a la biblioteca personal de Erick Landestoy.ZPréstamo en sala 0010718PDaPDbPDcHDd2011-04-08iLF1l0oxxxx P191p28462-10r2020-06-25w2020-06-25yLFPDZNo se presta 0010718PDaPDbPDcHDd2015-04-15iLF1l0oxxxx P191p28462-20r2020-06-25te. 2w2020-06-25yLFPDzPerteneció a la biblioteca personal de Erick Landestoy.ZNo se presta c27954d27954